Nárok na ošetrovné

Bibliographic Details
Main Author: Ďurecová, Mária (Author)
Format: Article
Language:Slovak
PhysicalDescription:Príl.
ISSN:1335-7034
Subjects:

MARC

LEADER 00000nab a2200000 a 4500
001 vtls008697890
003 SK-MaSNL
005 20260304135747.0
008 250505c2006 xo mr|p|||||||000 b|slo
015 |a SNBRB2006/04  |2 snkbucl 
035 |a (sysno)vtls008697890 
035 |a urn:nbn:sk:snk-ab7499 
035 |a (uuid)9ac0a410-840f-40a7-910d-9b37dadc9a20 
035 |a (urnnbn)urn:nbn:sk:snk:ar-a06ssg 
038 |a SNKBUCL 
040 |a SNKBUCL  |b slo  |c SNKBUCL  |e AACR2 
041 0 |a slo 
044 |a xo  |c SK 
080 |a 369.22  |2 1997 
100 1 |a Ďurecová, Mária  |4 aut  |9 849158 
245 1 0 |a Nárok na ošetrovné  |c Mária Ďurecová 
300 |b Príl. 
650 0 7 |a nemocenské poistenie  |2 snkbucl  |9 67734 
650 0 7 |a nemocenské dávky  |2 snkbucl  |9 70325 
650 0 7 |a ošetrovné  |2 snkbucl  |9 1132086 
773 0 |t Dane a účtovníctvo v praxi  |g Roč. XI., č. 4 (2006), s. 57-60  |x 1335-7034 
850 |a Slovenská národná knižnica 
852 |a Slovenská národná knižnica 
954 |a odborná, vedecká literatúra pôvodná (slovenská)  |2 lita 
958 |a article27 
958 |a OND 
958 |a EUIPO 
999 |c 2912113  |d 2914043